[Event "St Petersburg-ch"]
[Site "St Petersburg"]
[Date "1996.??.??"]
[Round "5"]
[White "Orlov, Vassily"]
[Black "Ivanov, Sergey"]
[Result "1/2-1/2"]
[WhiteElo "2430"]
[BlackElo "2515"]
[Annotator "Tyomkin,D"]
[PlyCount "103"]
[EventDate "1996.04.??"]
[EventType "tourn"]
[EventRounds "13"]
[EventCountry "RUS"]
[EventCategory "11"]
[SourceTitle "CBM 056"]
[Source "ChessBase"]
[SourceDate "1997.02.01"]
[SourceVersion "1"]
[SourceVersionDate "1997.02.01"]
[SourceQuality "1"]

1. e4 {Nor,I} e6 2. d4 d5 3. Nc3 Bb4 4. e5 c5 5. a3 Ba5 6. Bd2 $6 Nc6 $5 (6...
cxd4 $13) 7. Nb5 (7. Nf3 Nge7 8. dxc5 Ng6 9. Bb5 Bd7 $13) 7... cxd4 $6 (7...
Bxd2+ $6 8. Qxd2 Nxd4 9. Nxd4 cxd4 10. Nf3 Ne7 11. Nxd4 O-O 12. O-O-O Nc6 13.
f4 f6 14. exf6 Qxf6 15. g3 $14 {Davies-Karlsson.L, Oslo 1988}) (7... Nxd4 $5 8.
Nxd4 (8. Nd6+ $6 Kf8 $17) 8... cxd4 9. Bb5+ Bd7 10. Bxd7+ Kxd7 11. Nf3 Bb6 $1
12. O-O Ne7 (12... Rc8 $5 13. Rc1 Kc7 14. Bg5 Ne7 15. Nxd4 Kb8 $10 {
Abdullah-Hug, Biel open 1990}) 13. a4 a6 14. Ng5 Qe8 15. Qf3 Bc7 $1 16. Qxf7
Qxf7 17. Nxf7 Rhf8 18. Ng5 h6 19. Nf3 Nc6 20. Rfe1 Rxf3 $5 21. gxf3 Nxe5 $44 {
0-1 Madl,I-Luther,T/Hastings 1994}) 8. Bxa5 $5 $146 (8. f4 $5 Bc7 (8... Nge7 9.
Nd6+ Kf8 10. Bxa5 Qxa5+ 11. b4 Qb6 12. Qh5 Ng6 13. Bd3 $36) 9. Nf3 Nge7 10. Bd3
Bd7 11. O-O a6 12. Nbxd4 $14 {Fernandez-Romero Holmes, Albacete 1989}) 8...
Qxa5+ 9. Qd2 $6 (9. b4 $5 Qb6 10. f4 $1 (10. Nd6+ Kf8 11. Qh5 (11. Nf3 Nxe5 12.
Nxe5 Qxd6 $17) 11... g6 12. Qe2 Nge7 $15) (10. Nf3 a5 $1 $15 (10... Nh6 11.
Nbxd4 O-O 12. Bd3 Nxd4 13. Nxd4 a5 $13) (10... Nge7 11. Nbxd4 Nxd4 12. Qxd4
Qxd4 13. Nxd4 Ng6 $11)) 10... Nge7 (10... a5 11. Nd6+ Kf8 12. b5 Nce7 13. Nf3
Ng6 14. Qd2 N8e7 15. Nxd4 Bd7 $14) 11. Nd6+ Kf8 12. Qh5 Ng6 13. Bd3 $14) 9...
Qxd2+ 10. Kxd2 Ke7 11. Nf3 (11. f4 $6 a6 12. Nd6 g5 $1 13. g3 (13. fxg5 Nxe5
14. Nxc8+ Rxc8 $17) 13... f6 14. Re1 gxf4 15. gxf4 fxe5 16. fxe5 Nh6 17. Bd3
Rf8 $17 18. Bxh7 $140 Ng4 $1 19. h3 Ngxe5 20. Nxc8+ Raxc8 $17) 11... Nh6 (11...
f6 12. Re1 fxe5 13. Nxe5 Nxe5 14. Rxe5 Nf6 15. Nxd4 $14) 12. h3 (12. Nbxd4 Ng4
13. Nxc6+ bxc6 $15) 12... f6 $5 (12... Bd7 13. Bd3 Rac8 14. Nbxd4 Na5 $5 15. b3
$14) 13. exf6+ (13. Re1 $5 fxe5 14. Nxe5 Nxe5 15. Rxe5 Rf8 16. f3 Rf4 17. Bd3 (
17. Rxd5 exd5 18. Nc7 Kd6 19. Nxa8 Rf8 $19) 17... Bd7 18. Rhe1 $1 (18. Nc7 Kd6
19. Nxa8 Kxe5 20. Nc7 Kd6 21. Nb5+ Bxb5 22. Bxb5 e5 $17) 18... Kd8 $13) 13...
gxf6 14. Re1 Rd8 (14... Bd7 $5 15. Nbxd4 (15. Nc7 Raf8 16. Nxd5+ Kd6 17. Nf4 e5
18. Nd3 Re8 $17) 15... Nxd4 16. Nxd4 Rhg8 17. g4 (17. f4 Kd6 $15) 17... Kd6 18.
Bd3 Rg7 19. f4 e5 20. fxe5+ fxe5 21. Rhf1 $1 $13) 15. Nfxd4 (15. Bd3 $6 e5 $1
16. Nbxd4 Kf7 17. Nxc6 bxc6 $17) (15. Nbxd4 $5 e5 16. g4 $1 Nxd4 (16... Kf7 $6
17. Nxc6 bxc6 18. g5 $16) 17. Nxd4 Kf8 18. Nb5 Nf7 (18... Bd7 19. g5 $14) 19.
Nc7 Rb8 20. Bg2 e4 (20... d4 21. f4 $16) 21. Rd1 Rd7 (21... f5 22. Ke3 $16) 22.
Nb5 b6 23. Kc1 Ba6 24. Nc3 Rbd8 25. Rd4 $16) 15... e5 16. f4 a6 $5 {The black
shows that he doesn't afraid.After simple tactick white will    have no more
chances than in startposition!} (16... Kf7 $6 17. fxe5 fxe5 18. Nc7 Rb8 19.
Nxc6 bxc6 20. Rxe5 Rb7 (20... Rxb2 21. Bd3 $16) (20... Kf6 21. Re1 Rxb2 22. Bd3
$16) 21. Na6 Kf6 22. Re2 Rxb2 23. Nb4 $16) 17. Nxc6+ bxc6 18. Nd4 Kd6 19. fxe5+
fxe5 20. Rxe5 Kxe5 21. Nxc6+ Kd6 22. Nxd8 Kc7 23. Bd3 Kxd8 24. Bxh7 {What can
I say about this position?!Every player can win but noone is   staying
better!Unclear!} Be6 25. Rf1 (25. Re1 Kd7 26. g4 Nf7 $13) (25. g4 $5 Nf7 26.
Bd3 Kd7 $13) 25... Ke7 26. Rf4 $6 (26. g4 Nf7 27. Bd3 a5 28. Bf5 Rh8 29. Bxe6
Kxe6 $17) 26... Nf7 27. b3 a5 (27... Rh8 28. Bd3 Rg8 (28... a5 29. Ra4 Ra8 $13)
29. g4 (29. Bxa6 Rxg2+ 30. Kc3 Bxh3 $17) 29... a5 30. Bf1 Ng5 $13) 28. Bd3 Ne5
(28... Rg8 29. Bf1) 29. Be2 Kd6 (29... Rg8 30. g4 Rh8 31. Bf1 $13) 30. Ra4 (30.
h4 Rg8 $15) 30... Bd7 31. Rd4 Nc6 $6 (31... Rg8 $5 32. Bf1 (32. g4 Rh8 33. c4
Be6 34. b4 Rxh3 35. cxd5 Bxd5 36. bxa5 Rxa3 37. a6 $17) 32... Rf8 $15) 32. Rd3
Bf5 33. Rg3 Ne5 34. a4 Rc8 (34... d4 $5) 35. Bd1 $6 (35. c3 $5 Be4 36. Rg7 Rb8
37. Bb5 $13) 35... Be4 36. Rg7 Rf8 $1 $15 37. Ke1 (37. Ke3 Rf1 38. Be2 Rc1 $17)
(37. g3 Rf2+ 38. Kc1 Rh2 39. h4 d4 $1 $40 40. Ra7 $140 d3) 37... Nc6 (37... d4
$5 38. h4 d3 39. cxd3 Nxd3+ 40. Kd2 Nf2 41. Bc2 Rc8 42. Bxe4 Nxe4+ 43. Ke3 Nc5
$15) 38. c3 $5 Ne5 (38... d4 $5 39. cxd4 Nxd4 40. h4 Bd5 41. Ra7 Nc6 42. Rg7
Rf4 43. h5 Rh4 44. Rg6+ Kc5 45. g4 Kd4 $40) 39. h4 Nd3+ 40. Kd2 Nf2 41. Be2 Bb1
$1 42. Bf3 (42. h5 Ne4+ 43. Ke3 Nxc3 $19) 42... Ne4+ $6 (42... Rb8 $1 43. Ra7
Rxb3 44. Rxa5 Ne4+ 45. Bxe4 Bxe4 46. g4 Ke5 47. Rb5 Ra3 48. Rb4 Kf4 49. g5 Ra2+
) 43. Bxe4 Bxe4 44. h5 $11 Rf2+ 45. Ke3 Rb2 46. h6 Rxb3 47. Kd4 $1 (47. h7
Rxc3+ 48. Kf4 Bxh7 49. Rxh7 Rc4+ 50. Kf3 Rxa4 51. g4 $17) 47... Rb1 48. h7 Rd1+
49. Ke3 Rh1 50. c4 Rxh7 51. Rxh7 Bxh7 52. Kd4 (52. cxd5 $4 Kxd5 53. Kd2 Kc4 54.
Kc1 Kb3 55. g4 Bg6 56. g5 Ka3 57. Kd2 Kb2 $19) (52. Kd4 Bc2 53. cxd5 Bxa4 54.
Kc3 Kxd5 55. Kb2 $11) 1/2-1/2

[Event "Zuerich Kupper Memorial"]
[Site "Zuerich"]
[Date "2019.08.18"]
[Round "7.9"]
[White "Vaibhav, Suri"]
[Black "Krishna, CRG."]
[Result "1-0"]
[WhiteElo "2591"]
[BlackElo "2444"]
[Annotator "Vaibhav,Suri"]
[PlyCount "75"]
[EventDate "2019.08.14"]
[EventType "swiss"]
[EventRounds "7"]
[EventCountry "SUI"]
[SourceTitle "CBM 193 Extra"]
[Source "ChessBase"]
[SourceDate "2020.01.31"]
[SourceVersion "1"]
[SourceVersionDate "2020.01.31"]
[SourceQuality "1"]

1. e4 e6 2. d4 d5 3. Nc3 {I have mainly responded with 3.Nd2 against the
French in the past and wanted to try a different option this time} Bb4 4. e5 c5
5. a3 Bxc3+ 6. bxc3 Ne7 7. h4 $5 {An interesting direction to avoid the long
forcing lines of the Winawer French.} (7. Qg4 {is the main line leading to
huge complications:} Qc7 (7... O-O {is the alternative.} 8. Bd3 f5 (8... Nbc6
9. Nf3) 9. exf6 Rxf6 10. Bg5 Rf7 11. Qh5 g6 12. Qd1 Nbc6 13. Nf3 Qa5 14. Bd2 e5
15. Nxe5 Nxe5 16. dxe5 Nc6 17. O-O Nxe5 18. Re1 $14) 8. Qxg7 Rg8 9. Qxh7 cxd4
10. Ne2 (10. Qd3 $5) 10... Nbc6 11. f4 dxc3 {and so on.}) 7... Nbc6 ({The
alternative} 7... Qc7 {is played more frequently nowadays. Black's idea is to
be flexible with the development of the Nb8. This move order gives Black the
additional option with b6-Ba6.} 8. h5 h6 9. Nf3 b6 10. a4 (10. Bb5+ Bd7 11. Bd3
Ba4 $132) 10... Ba6 11. Bb5+ Bxb5 12. axb5 a5 $1 {as happened in a blitz game
between Sergey Karjakin and So Wesley. Closing the flank with a5 gives Black's
king a safe spot on the queenside.}) 8. h5 h6 9. Qg4 Nf5 10. Bd3 O-O 11. Ne2
Qa5 12. Bd2 Qa4 (12... cxd4 13. cxd4 Qa4 {with the double threat of Nfxd4 and
Nxe5.} 14. f3 $1 $14 {With this nice trick, White is able to prevent both.}
Nfxd4 $140 $2 15. Kf2 f5 16. Qf4 $18 {[%cal Gd2e3]}) 13. Qh3 Nfe7 $6 (13... c4
$1 {was necessary:} 14. Bxf5 exf5 15. Ra2 (15. Qg3 Kh7 16. Nf4 Ne7 17. Ra2)
15... Be6 16. Nf4 Ne7 17. O-O b5 $14 {White retains some advantage but it is
not so clear how to make progress. Meanwhile, Black is also not devoid of
counterplay on the queenside.}) (13... cxd4 $2 14. g4 $1 Nfe7 15. g5 {[%csl
Ra4] with a very strong attack for White:} Nxe5 (15... dxc3 16. Bf4 $1) (15...
hxg5 16. h6 $18) 16. gxh6 Nxd3+ 17. Qxd3 e5 18. Rg1 Nf5 19. hxg7 Re8 20. h6 $18
) 14. Qg3 Kh8 15. dxc5 $1 {Simply winning a pawn and clearing the 4th rank for
Rh4 ideas.} Nf5 (15... b6 $2 16. Rh4 Qa5 17. Rg4 $18) (15... Qa5 16. O-O Qxc5
17. Rab1 $5 $16) 16. Qf4 Qxf4 17. Bxf4 $16 f6 18. g4 {This was a critical
moment for me during the game to decide the future course of action. Usually
the best way in the technical phase of the game is to restrict the opponent's
counterplay chances.} (18. exf6 {was another reasonable alternative, but it
seemed like Black was getting some counterplay chances:} Rxf6 (18... e5 19.
fxg7+ Kxg7 20. Bd2 $18) 19. Bb5 $1 {Preventing counterplay with e5. I had
missed this simple yet powerful move during the game, which led me to choose
the other option.} (19. g4 e5 $1 20. gxf5 exf4 21. Nxf4 Bxf5 22. Nxd5 $16 {
Though white has a few extra pawns, the broken pawn structure does give Black
some practical chances.}) 19... Nfe7 (19... e5 20. Bxc6 Rxc6 21. Bxe5 Rxc5 22.
Nf4 $18) 20. Bd6) 18... fxe5 (18... Nfe7 19. exf6 Rxf6 20. g5 $1 hxg5 21. Bxg5
Rf8 22. f4 $18) 19. gxf5 exf4 20. Nxf4 Ne5 21. Ng6+ $1 Nxg6 22. fxg6 {[%csl
Rh8] Objectively 18.exf6 would have been better, however, at least practically,
this alternative seems much easier to play for White. Black's king is caged
and all endgames should yield very good winning chances.} e5 23. c4 (23. Rb1 b6
24. c4 $1 e4 (24... Be6 25. cxb6 axb6 26. Rxb6 Rxa3 27. Rxe6 Ra1+ 28. Ke2 Rxh1
29. cxd5 $18) 25. Be2 d4 26. cxb6 axb6 27. Rh4 $18) 23... Be6 24. Rh4 Rac8 25.
Rb1 Rxc5 (25... e4 26. Be2 Rc7 $1 {was a little more tenacious, but White
still has a close to winning advantage:} 27. Rb5 $1 Kg8 (27... Bd7 28. Ra5) 28.
Ra5 a6 29. c6 $1 bxc6 30. Rxa6 $18) 26. Rxb7 dxc4 27. Be4 {Even though the
pawns are equal now, White's piece activity and Black's caged king seal the
game in White's favour.} Ra5 28. Re7 Bc8 (28... Bg8 29. Rh3 $18 Rc8 30. Ke2)
29. f3 $1 {[%csl Ge1] Opening up space for the king and giving White a clear
path to improve his pieces - Kf2-g3, Rh1-b1.} c3 (29... Rxa3 30. Rxe5 Re3+ 31.
Kd2 Ra3 32. Rf4 Rd8+ 33. Ke2 $18 {[%cal Ge5e7,Gf4f7]}) 30. Kf2 Rxa3 31. Rxe5
Bd7 32. Re7 Bb5 33. Rc7 Ra1 34. Rf4 Rf1+ 35. Kg3 Rd8 36. Rff7 Rg1+ 37. Kf4 Rg8
38. Bd5 {In hindsight 18.g4 was a much stronger decision practically and this
nice win helped me finish in the top 5 of the event.} 1-0

[Event "EU-Cup 24th"]
[Site "Kallithea"]
[Date "2008.10.19"]
[Round "3"]
[White "Alekseev, Evgeny V"]
[Black "Vitiugov, Nikita"]
[Result "1/2-1/2"]
[WhiteElo "2715"]
[BlackElo "2638"]
[Annotator "Vitiugov,N"]
[PlyCount "68"]
[EventDate "2008.10.17"]
[EventType "team-swiss"]
[EventRounds "7"]
[EventCountry "GRE"]
[SourceTitle "CBM 127"]
[Source "ChessBase"]
[SourceDate "2008.11.13"]
[SourceVersion "1"]
[SourceVersionDate "2008.11.13"]
[SourceQuality "1"]
[WhiteTeam "Saratov Economist"]
[BlackTeam "Finek Gazprombank"]
[WhiteTeamCountry "RUS"]
[BlackTeamCountry "RUS"]

1. e4 e6 2. d4 d5 3. Nc3 Bb4 4. e5 c5 5. a3 Bxc3+ 6. bxc3 Ne7 7. Qg4 {The
strongest move. But playing this, White has to remember a lot of theory.} cxd4
$5 (7... O-O {is more reliable.}) 8. Qxg7 Rg8 9. Qxh7 Qc7 10. Ne2 Nbc6 11. f4
dxc3 12. Qd3 Bd7 13. Nxc3 ({The alternative was} 13. Qxc3) 13... a6 14. h4 ({
Usually they begin with} 14. Rb1 Na5) 14... Nf5 15. Rh3 O-O-O 16. Rb1 Na5 17.
Rb4 $6 {My opponent had obviously forgotten the theory.} (17. h5) 17... Nc4 $2
{Having spent a lot of time, I choosed an erroneous plan.} ({Simple} 17... d4
$1 {was stronger. But I was not sure in the position after} 18. Ne4 Bb5 19.
Rxb5 (19. c4 $6 dxc3 20. Qc2 Nd4 $1 (20... Nc6 21. Rxc3 Bxf1 22. Kxf1 $14) 21.
Qf2 Bxf1 22. Nd6+ Kb8 23. Qxd4 Nc6 24. Qxc3 Nxb4 25. Qxc7+ Kxc7 26. Kxf1 Nc6
$15) 19... axb5 20. Nf6 Rh8 21. h5 Nc4 22. g4 Nfe3 23. Be2 $44) 18. h5 {
My opponent answered in a moment.} ({I was afraid of the beautiful} 18. Qxf5 $5
{On the other hand, it seemed to me, that it is too original.} exf5 19. Nxd5
Qa5 20. Bxc4 Kb8 (20... Be6 21. Ne7+ Kd7 22. Bd2 Qc7 23. Nxg8 Bxc4 24. Nf6+) (
20... Rxg2 21. Be3 $18) 21. Bd2 Qc5 22. Be3 Qf8 23. Bb6 $13) 18... Qc5 $2 {
An active, but wrong move.} ({The correct way was} 18... Bc6 $5 19. h6 Rg6 20.
h7 Rh8) 19. Ne4 $1 Qg1 20. Ng5 Bb5 21. Qe2 $6 {The wrong move with the right
idea.} ({More accurate was} 21. Qf3 $5 Qc5 22. Qf2) 21... Qc5 $6 {Black didn't
exploit his chance.} (21... Nxa3 $5 22. Rc3+ (22. Qf2 Qxf1+ 23. Qxf1 Nxc2+)
22... Kb8 23. Qf2 Qxf1+ 24. Qxf1 Bxf1 25. Kxf1 Nb5 26. Rd3 Rc8 $132) 22. Qf2
Qc7 23. h6 Rxg5 24. h7 {A technical decision.} Rgg8 25. hxg8=Q Rxg8 26. Bd3 Kb8
{In the position which has arisen, the only problem for White is that he has
no target for attack.} 27. Rh7 $2 {A bad mistake.} (27. g4 $5 $16) 27... Nxa3
$1 {Now the position has changed, and neither participant could withstand it.}
28. Bxa3 $6 (28. Bxf5 exf5 29. Bxa3 Qc3+ 30. Qd2 (30. Kd1 Qxa3 31. Rb1 Qa2 32.
Rc1 Qc4 $40) 30... Qa1+ 31. Qc1 Qc3+ 32. Qd2 Qg3+ 33. Kd1 Qxa3 34. Rb1 Qc5 $44)
28... Qc3+ 29. Qd2 Qxa3 30. Rxf7 $2 {Every white move is mistaken, but Black
had no time to realize it and to find the winning continuation.} (30. Rxb5 $5
Qa1+ (30... axb5 31. Bxf5 exf5 32. Rxf7) 31. Qd1 Qc3+ 32. Qd2 Qa1+ $11) 30...
Qa1+ 31. Qd1 Qc3+ 32. Qd2 Qa1+ $2 $138 (32... Qc5 $1 33. Rxb5 $8 axb5 34. Qf2
Ne3 (34... Qc3+ 35. Ke2 Nd4+ 36. Kf1 b4 37. Qe1 Rc8 (37... Qxe1+ 38. Kxe1 Rxg2
39. Kd1 $15) 38. Qxc3 Rxc3 39. Bh7 Nxc2 40. Ke2) 35. g3 Qc3+ 36. Qd2 Nxc2+ $1
37. Kd1 Qa1+ 38. Qc1 (38. Kxc2 Rc8+ 39. Kb3 d4 $19) 38... Ne3+ 39. Kd2 Nc4+ (
39... Qa2+ 40. Kxe3 Rxg3+ 41. Kd4 Qa7+ 42. Kc3 Qc5+ 43. Kb2 Qxc1+ 44. Kxc1 Rxd3
45. f5 exf5 46. e6 Re3 47. Rxf5 Rxe6 48. Rxd5 $11) 40. Bxc4 Qa5+ $1 41. Qc3
Qxc3+ 42. Kxc3 bxc4 $19) 33. Qd1 Qc3+ 34. Qd2 Qa1+ 1/2-1/2

[Event "Interzonal-16"]
[Site "Biel"]
[Date "1993.??.??"]
[Round "3"]
[White "Hellers, Ferdinand"]
[Black "Gulko, Boris F"]
[Result "1/2-1/2"]
[WhiteElo "2560"]
[BlackElo "2635"]
[Annotator "Wolff,P"]
[PlyCount "66"]
[EventDate "1993.07.16"]
[EventType "swiss"]
[EventRounds "13"]
[EventCountry "SUI"]
[SourceTitle "CBM 037"]
[Source "ChessBase"]
[SourceDate "1993.12.01"]
[SourceVersion "1"]
[SourceVersionDate "1993.12.01"]
[SourceQuality "1"]

1. e4 e6 2. d4 d5 3. Nc3 Bb4 4. e5 c5 5. a3 Bxc3+ 6. bxc3 Ne7 7. h4 Qa5 8. Bd2
cxd4 9. cxd4 Qa4 10. Nf3 Nbc6 11. h5 Nxd4 12. Bd3 Nec6 13. Kf1 Nf5 $5 $146 {
Suggested by Kasparov in his notes to the game Kasparov,G-Anand,V 54/273.} 14.
Bxf5 (14. Qb1 $5) 14... exf5 15. h6 Rg8 $1 16. Bg5 (16. hxg7 Rxg7 17. Ng5 Be6
$1 (17... Nxe5 18. Nxh7 $5 $44 (18. Qe2 f6 (18... Qc4 19. Qxc4 dxc4 20. Nxh7 $1
$36 (20. Re1 f6 21. Nxh7 Kf7 22. Nxf6 Kxf6 23. Bc3 Re7 24. Rh8 b6 25. f4 Bb7
$10)) 19. Nxh7 Kf7 $13)) 18. Nxh7 (18. Nxe6 fxe6 $17) 18... O-O-O $36) 16...
Be6 17. Rh4 $2 (17. hxg7 Rxg7 18. Bf6 $13 {This position needs testing.}) 17...
Qa6+ 18. Kg1 gxh6 $1 19. Bf6 Rg4 20. Rb1 $5 {White strives for activity at all
cost. This earns the draw, but already the opening has not been a success.} (
20. Rxh6 Kd7 21. Ng5 Rg8 $17) 20... Rxh4 21. Bxh4 Rc8 22. c4 $1 Qxc4 (22...
dxc4 $2 23. Qd6 $16 {/\ Nd4}) 23. Rxb7 Nxe5 24. Nxe5 Qxh4 25. Rxa7 Qf4 26. Nd3
Qd4 27. Ra4 Rc4 28. Ra8+ Ke7 29. Qb1 Ra4 30. Qb7+ Kf6 31. Rxa4 Qxa4 32. Qb2+ d4
33. Qd2 Kg7 1/2-1/2

[Event "USA-ch Quads"]
[Site "Saint Louis"]
[Date "2010.05.23"]
[Round "2"]
[White "Nakamura, Hikaru"]
[Black "Shulman, Yuri"]
[Result "0-1"]
[WhiteElo "2733"]
[BlackElo "2613"]
[Annotator "Yermolinsky,A"]
[PlyCount "52"]
[EventDate "2010.05.22"]
[EventType "tourn"]
[EventRounds "3"]
[EventCountry "USA"]
[EventCategory "18"]
[SourceTitle "CBM 137"]
[Source "ChessBase"]
[SourceDate "2010.07.15"]
[SourceVersion "1"]
[SourceVersionDate "2010.07.15"]
[SourceQuality "1"]

1. e4 e6 2. d4 d5 3. Nc3 Bb4 4. e5 c5 5. a3 Bxc3+ 6. bxc3 Qa5 {This is Yury's
favourite line of his beloved French Defence. He has done a tremendous amount
of work in it.} 7. Bd2 Qa4 8. Nf3 Nc6 9. h4 cxd4 10. cxd4 Nge7 {Now the game
transposes to the 6...Ne7 7.h4 line, made most memorable by Kasparov - Anand,
Linares, 1992.} 11. h5 Nxd4 12. Bd3 h6 {As expected Shulman has his own ideas.}
({The stem game mentioned above went as follows:} 12... Nec6 13. Kf1 ({The
same year I had some personal experience with this position. In our game John
Fedorowicz played} 13. h6 {which allowed me to play} Nxf3+ 14. Qxf3 Qd4 15. O-O
gxh6 {with tremendous complications. Fedorowicz-Yermolinsky, US Championship,
Durango, 1992}) 13... Nxf3 {White was threatening Rh1-h4.} (13... Nf5 14. h6 {
is another popular line.}) 14. Qxf3 b6 (14... Qd4 15. Re1 f5 16. exf6 Qxf6 17.
Qg3 O-O {with a reasonable position, Van Kampen-Dgebuadze, Noteboom Memorial,
2008}) 15. h6 Ba6 16. hxg7 Rg8 17. Bxa6 Qxa6+ 18. Kg1 Rxg7 19. Qf6 {and White
had some initiative, although Kasparov himself couldn't convert it into a win.}
) 13. Kf1 $2 {I don't think this move is necessary if White can save the
e5-pawn by other means.} ({The little known game Berzinsh-Ptrik, Slovenian
Championship, 1998 offers a viable alternative,} 13. Bb4 Nxf3+ (13... Ndc6 14.
Bd6) 14. Qxf3 Nc6 15. Qe2 ({Even} 15. O-O {is possible, for example} Nxb4 16.
Qf4 O-O 17. axb4 Qd7 18. c4 {with full compensation for a pawn.}) 15... a6 16.
Bd6 Nd4 17. Qd2 {White's chances shouldn't be underestimated.}) 13... Nxf3 14.
Qxf3 b6 $5 {An interesting concept. Shulman ignores the threat to his kingside
pawns pinning his chances on counterattack.} ({The standard} 14... O-O 15. Qg3
Nf5 16. Bxf5 exf5 {would keep Black his extra pawn at the cost of drifting
back to the defensive position} 17. Rh4 (17. Bxh6 $4 Qa6+) 17... Qc6 18. Kg1 {
although I believe Black is better here.}) 15. Qg3 Ba6 16. Qxg7 Bxd3+ 17. cxd3
Rg8 18. Qxh6 ({An attempt to preserve the d-pawn,} 18. Qh7 {would still leave
the iniative in Black's hands after} Qg4 ({or} 18... Rc8 19. g3 Rc2 20. Bb4 a5)
19. g3 Rc8) 18... Qd4 19. Re1 Qxd3+ 20. Kg1 Rc8 {Black's pieces are very
active here, while White's Rh1 suffers the consequences of 13.Kf1.} 21. Bg5 ({
The consolidating} 21. Qe3 {was much better.}) 21... Qf5 22. f4 {This looks
ugly, but it's White's best choice.} (22. Bxe7 Kxe7 23. Qe3 Qg5 $15) 22... Rc2
23. Rh2 $2 {Hikaru's reluctance to get the queens off cost him dearly.} ({
The ending after} 23. Qf6 Qxf6 24. exf6 Nf5 25. Rh3 Kd7 26. h6 {looks pretty
complicated and playable for both sides.}) 23... Qd3 $1 24. Qf6 Rxg5 $1 {
The most elegant solution.} (24... Nc6 {was also good.}) 25. Qxg5 (25. fxg5 Nf5
{is picturesque, as the white queen is left stranded.}) 25... Qd4+ 26. Kh1 Qe3
{with Rc3-c1 coming up next Hikaru had to resign the game and effectively
concede the title.} 0-1